| 000 | 00508nam a2200205Ia 4500 | ||
|---|---|---|---|
| 001 | 17491 | ||
| 003 | GE_BSU | ||
| 008 | 181216s||||||||xx |||||||||||||| ||und|| | ||
| 040 | _cGE_BSU | ||
| 080 | _a811.111 | ||
| 100 | _aMegrelishvili, madona. | ||
| 245 | 2 | _aA course in theoretical English Grammar. | |
| 260 | _aKutaisi | ||
| 260 | _c2005 | ||
| 300 | _a119p. | ||
| 541 | _h5 Gel. | ||
| 653 | _aA course in theoretical English Grammar. | ||
| 653 | _aინგლისური ენა | ||
| 942 | _cBK | ||
| 999 |
_c50542 _d50542 |
||